000
00218 a2200097 4500
001
41450
100
_a
FOW
245
_a
The shorter oxford anglish dictionary
260
_a
Londan
_b
clarendon
_c
090
_c
25622
_d
25622
942
_a
NUST-CAE
_c
M
_c
17361
999
_c
276523
_d
276523